00367nam a2200121Ia 4500020001800000082002000018100002400038245005400062260003600116300001500152650003100167710004700198 a9788182747852 a327.54051 KAL-; aKalha, Ranjit Singh 0aIndia-China boundary issues: quest for settlement aNew DelhibPentagon Pressc2014 axiii, 310p aINDIA - BOUNDARIES - CHINA aIndian Council of World Affairs, New Delhi